000 00632nam a2200193Ia 4500
003 GCL
008 140319s9999 xx 000 0 ara d
040 _aGCL /
_cGCL
082 0 4 _aد
_b050
100 1 _aعبدالغفار مكاوى
245 1 0 _aالمدينة الفاضلة عبر التاريخ ( عالم المعرفة 225 ) /
_cعبدالغفار مكاوى
700 1 _aبرنيزى، ماريا لويز
700 1 _aعطيات ابو السعود
300 _a478 ص
490 _aعالم المعرفة
_v0
650 0 4 _aالعلوم السياسية
650 0 4 _aالمدن الفاضلة
942 _2ddc
_cBK
999 _c50355
_d50355